| 000 | 01416nam a22002537a 4500 | ||
|---|---|---|---|
| 003 | OSt | ||
| 005 | 20250916144636.0 | ||
| 008 | 250916t |||||||| |||| 00| 0 spa d | ||
| 020 | _aO.C.: 9584214284 | ||
| 020 | _aV9.: 9584214373 | ||
| 037 | _bDonación | ||
| 040 |
_aCO-JMCR _bspa _cCO-JMCR _dCO-JMCR _erda |
||
| 041 | 0 | 1 |
_aspa _hbra |
| 082 |
_223 _aA-N _bCOEm |
||
| 100 | 1 |
_aCoelho, Paulo, _d[1947-] _eautor. _96578 |
|
| 245 | 1 | 0 |
_aManual del guerrero de la luz / _cPaulo Coelho ; traducción de Monserrat Mira. |
| 250 | _a1° edición. | ||
| 264 |
_aBogotá D.C. : _bPlaneta, _c2006 |
||
| 520 | _a["Libro Manual del guerrero de la luz. Sinopsis libro, reseña libro. El Manual del guerrero de la luz es el compañero espiritual de El Alquimista, el bestseller internacional que ha cautivado a millones de lectores en todo el mundo. Cada uno de estos textos nos invita a vivir nuestros sueños, a abrazar las incertidumbres de la vida y a atrevernos a perseguir nuestro singular destino. Paulo Coelho muestra a los lectores cómo embarcarse en el aprendizaje del guerrero: aquél que aprecia el milagro de estar vivo, aquél que acepta el fracaso y aquél cuya misión le lleva a la plenitud y la alegría. Libro Manual del guerrero de la luz". ] | ||
| 650 | 2 | 4 |
_2JMCR _aEspiritualidad _9735 |
| 650 | 2 | 4 |
_2JMCR _aEjercicios espirituales |
| 700 | 1 |
_aMira, Monserrat, _d[1987-] _etraductora _944318 |
|
| 942 |
_2ddc _cBK |
||
| 999 |
_c31077 _d17461 |
||